000 00475nam a2200145 a 4500
008 120416s0000 ||||||||||||||||| || u
020 _a0710007272
050 _aPR 6052.A495L6
100 _aBannister, Don
245 1 0 _aLong day at Shiloh
260 _aLondon
_bRoutledge and Kegan Paul
_c1981
300 _av, 277p.
350 _a0.00
995 _D0.00
_FCBU-MAIN LIBRARY (Kitwe)
_H1
_I6.95
_M1
_UAVAILABLE
_ZFiction Collection
999 _c49498
_d49498